International security : (Record no. 14943)
[ view plain ]
| 000 -LEADER | |
|---|---|
| fixed length control field | 02109nam a2200229 a 4500 |
| 001 - CONTROL NUMBER | |
| control field | ASIN0745635415 |
| 005 - DATE AND TIME OF LATEST TRANSACTION | |
| control field | 20170105102907.0 |
| 008 - FIXED-LENGTH DATA ELEMENTS--GENERAL INFORMATION | |
| fixed length control field | 131024s2007 xxu eng d |
| 020 ## - INTERNATIONAL STANDARD BOOK NUMBER | |
| International Standard Book Number | 0745635415 (paperback) |
| Terms of availability | $26.95 |
| 020 ## - INTERNATIONAL STANDARD BOOK NUMBER | |
| International Standard Book Number | 9780745635415 (paperback) |
| 040 ## - CATALOGING SOURCE | |
| Original cataloging agency | 0 |
| 050 04 - LIBRARY OF CONGRESS CALL NUMBER | |
| Classification number | JZ5588 |
| 082 04 - DEWEY DECIMAL CLASSIFICATION NUMBER | |
| Classification number | 355.033 |
| 100 1# - MAIN ENTRY--PERSONAL NAME | |
| Personal name | Dannreuther, Roland. |
| 245 10 - TITLE STATEMENT | |
| Title | International security : |
| Remainder of title | the contemporary agenda / |
| Statement of responsibility, etc. | Roland Dannreuther. |
| 260 ## - PUBLICATION, DISTRIBUTION, ETC. | |
| Place of publication, distribution, etc. | [S.l.] : |
| Name of publisher, distributor, etc. | Polity, |
| Date of publication, distribution, etc. | 2007. |
| 300 ## - PHYSICAL DESCRIPTION | |
| Extent | 272 p. ; |
| Dimensions | 25 cm. |
| 520 ## - SUMMARY, ETC. | |
| Summary, etc. | International Security: The Contemporary Agenda is a cutting-edge introduction to key security challenges and developments in the post-Cold War world. Drawing on a wide range of contemporary examples, it is an essential guide for students seeking to understand the theoretical and empirical debates over the fast-changing nature of international security today. The book is clearly organized into four main sections. Section 1 provides an analytical framework for the book, identifying the most significant post-Cold War shifts in international security and recent theoretical developments in security studies. Section 2 looks at environmental security, including the threat of resource-based conflict, most notably over oil and water, and the perceived security challenges of international migration. Section 3 analyses the root causes of the so-called new wars, and the broader insecurity found in many regions of the South. Dilemmas and problems of intervention, including the controversial debate over humanitarian intervention, are examined in detail. Section 4 discusses new security challenges posed by international terrorism and the proliferation of weapons of mass destruction. It explores the strategies and policies adopted by the United States, particularly in the aftermath of 9/11. This book will be valuable reading for students of international relations, international security and strategic studies. |
| 650 #0 - SUBJECT ADDED ENTRY--TOPICAL TERM | |
| Topical term or geographic name entry element | Security, International |
| 856 40 - ELECTRONIC LOCATION AND ACCESS | |
| Materials specified | Amazon.com |
| Uniform Resource Identifier | <a href="http://www.amazon.com/exec/obidos/ASIN/0745635415/chopaconline-20">http://www.amazon.com/exec/obidos/ASIN/0745635415/chopaconline-20</a> |
| 942 ## - ADDED ENTRY ELEMENTS (KOHA) | |
| Source of classification or shelving scheme | |
| Koha item type | Book |
| Withdrawn status | Lost status | Damaged status | Not for loan | Collection code | Permanent Location | Current Location | Shelving location | Date acquired | Total Checkouts | Full call number | Barcode | Date last seen | Price effective from | Koha item type |
|---|---|---|---|---|---|---|---|---|---|---|---|---|---|---|
| Centre for International Peace & Stability (CIPS) | Centre for International Peace & Stability (CIPS) | General Stacks | 10/01/2013 | 355.033 DAN 2007 | CIPS0001329 | 10/24/2013 | 10/24/2013 | Book |
